000 00728nam a2200169 i 4500
001 164190
003 ES-MaACL
005 20250929063241.0
008 991124s1872 sp |||| | spa d
100 1 _aRuiz Zorrilla, Manuel,
_d1833-1895
_9100967
245 1 0 _aDiscursos pronunciados por el Excmo. Sr. D. Manuel Ruiz Zorrilla, Presidente del Consejo de Ministros, con motivo de la discusión del mensaje en el Congreso de los Diputados.
260 _aMadrid :
_b[s.n.],
_c1872 (
_fImp. Nacional)
300 _a63 p. ;
_c21 cm.
651 4 _aEspaña-
_xHistoria-
_y1870-1873, Amadeo I
_98261
852 _aES-MaACL
_jT-276-F-6
_z- Enc. hol., falto de cub. original
_z- Enc. en un vol. facticio
999 _c164190
_d164190